[Event "Colombia Mire Lea Florida Cup U15"]
[Site "Colombia"]
[Date "2010.10.17"]
[Round "5.10"]
[White "Chaves, Jose Miguel"]
[Black "Fuentes, Ivan Dario"]
[Result "0-1"]
[WhiteElo "1500"]
[BlackElo "1446"]
[PlyCount "36"]
[EventDate "2010.10.16"]
[EventType "swiss"]
[EventRounds "7"]
[EventCountry "COL"]
[SourceTitle "EXT 2024"]
[Source "ChessBase"]
[SourceDate "2023.10.10"]
[SourceVersion "1"]
[SourceVersionDate "2023.10.10"]
[SourceQuality "1"]

1. e4 c5 2. Nf3 d6 3. Nc3 Nf6 4. Bc4 a6 5. 0-0 e6 6. d3 b5 7. Bb3 Bb7 8. Bg5 Nbd7 9. Nh4 h6 10. Be3 Nxe4 11. Nxe4 Qxh4 12. g3 Qd8 13. c4 b4 14. Ba4 Be7 15. Qg4 g6 16. Nf6+ Bxf6 17. a3 Bxb2 18. Rab1 Bxa3 0-1

[Event "Colombia Mire Lea Florida Cup U15"]
[Site "Colombia"]
[Date "2010.10.17"]
[Round "3.12"]
[White "Chaves, Jose Miguel"]
[Black "Herrera Viedman, Daniel"]
[Result "1-0"]
[WhiteElo "1500"]
[BlackElo "1500"]
[PlyCount "23"]
[EventDate "2010.10.16"]
[EventType "swiss"]
[EventRounds "7"]
[EventCountry "COL"]
[SourceTitle "EXT 2024"]
[Source "ChessBase"]
[SourceDate "2023.10.10"]
[SourceVersion "1"]
[SourceVersionDate "2023.10.10"]
[SourceQuality "1"]

1. e4 e5 2. Nf3 Nc6 3. d4 f6 4. Bc4 Bc5 5. dxc5 d6 6. 0-0 Bg4 7. Nc3 Nh6 8. Bxh6 gxh6 9. h3 Bd7 10. Nh4 Rg8 11. Qh5+ Kf8 12. Qf7# 1-0

[Event "Colombia Mire Lea Florida Cup U15"]
[Site "Colombia"]
[Date "2010.10.17"]
[Round "4.7"]
[White "Herrera, Victor Manuel"]
[Black "Chaves, Jose Miguel"]
[Result "1-0"]
[WhiteElo "1604"]
[BlackElo "1500"]
[PlyCount "35"]
[EventDate "2010.10.16"]
[EventType "swiss"]
[EventRounds "7"]
[EventCountry "COL"]
[SourceTitle "EXT 2024"]
[Source "ChessBase"]
[SourceDate "2023.10.10"]
[SourceVersion "1"]
[SourceVersionDate "2023.10.10"]
[SourceQuality "1"]

1. e4 e5 2. Nf3 Nc6 3. Bc4 Bc5 4. c3 Nf6 5. d3 d6 6. Bb3 0-0 7. Nbd2 Bg4 8. h3 Bh5 9. g4 Bg6 10. Nf1 Qe7 11. Ng3 Rad8 12. Nf5 Bxf5 13. gxf5 Qd7 14. Bg5 h6 15. Bxf6 gxf6 16. Qd2 Na5 17. Qxh6 Nxb3 18. Rg1# 1-0

[Event "Colombia Mire Lea Florida Cup U15"]
[Site "Colombia"]
[Date "2010.10.16"]
[Round "2.9"]
[White "Viveros Torres, Erica Johana"]
[Black "Chaves, Jose Miguel"]
[Result "1-0"]
[WhiteElo "1468"]
[BlackElo "1500"]
[PlyCount "73"]
[EventDate "2010.10.16"]
[EventType "swiss"]
[EventRounds "7"]
[EventCountry "COL"]
[SourceTitle "EXT 2024"]
[Source "ChessBase"]
[SourceDate "2023.10.10"]
[SourceVersion "1"]
[SourceVersionDate "2023.10.10"]
[SourceQuality "1"]

1. e4 e5 2. Nf3 Nc6 3. Bc4 Bc5 4. 0-0 Nf6 5. Re1 0-0 6. c3 d6 7. d4 exd4 8. Nxd4 Ne5 9. b4 Bg4 10. Be2 Nf3+ 11. Bxf3 Qe7 12. Bxg4 Qe5 13. Bb2 Qg5 14. Bf3 h5 15. Nd2 h4 16. bxc5 Nh5 17. Bxh5 h3 18. g3 g6 19. Bg4 dxc5 20. N4b3 Rad8 21. Bxh3 Rd7 22. Nxc5 Re7 23. Ba3 Rfe8 24. Nf3 f5 25. Nxg5 fxe4 26. Be6+ Kg7 27. Qd4+ Kf8 28. Nh7+ Rxh7 29. Rxe4 b6 30. Na6+ c5 31. Bxc5+ bxc5 32. Nxc5 a5 33. Qf6+ Rf7 34. Nd7+ Kg8 35. Qxf7+ Kh8 36. Nf6 a4 37. Rh4# 1-0